| 000 | 01567cam a2200385 a 4500 | ||
|---|---|---|---|
| 001 | data | ||
| 005 | 20260322212119.0 | ||
| 008 | data | ||
| 035 | _a14017993 | ||
| 906 |
_a7 _bcbc _corignew _d1 _eocip _f20 _gy-gencatlg |
||
| 925 | 0 |
_aacquire _b1 shelf copy _xpolicy default |
|
| 955 |
_dlg22 2005-08-11 _elg22 2005-08-11 to Dewey _flg08 2005-10-12 _glg08 2005-10-14 c. 1 to BCCD |
||
| 010 | _a 2005048326 | ||
| 020 | _a1596793392 | ||
| 020 | _a9781596793392 | ||
| 040 |
_aDLC _cDLC _dDLC |
||
| 042 |
_alcac _alcac |
||
| 050 | 0 | 0 |
_aPN56.5.W64 _bH36 2006 |
| 082 | 0 | 0 |
_a809/.933522 _222 |
| 100 | 1 |
_aHamilton, John, _d1959- |
|
| 245 | 1 | 0 |
_aPrincesses and heroines / _cby John Hamilton. |
| 260 |
_aEdina, MN : _bAbdo Pub., _cc2006. |
||
| 300 |
_a32 p. : _bill. (chiefly col.) ; _c26 cm. |
||
| 336 |
_atext _btxt _2rdacontent |
||
| 337 |
_aunmediated _bn _2rdamedia |
||
| 338 |
_avolume _bnc _2rdacarrier |
||
| 490 | 1 | _aFantasy and folklore | |
| 500 | _aIncludes index. | ||
| 650 | 0 |
_aWomen in literature _vJuvenile literature. |
|
| 650 | 0 |
_aPrincesses in literature _vJuvenile literature. |
|
| 650 | 0 |
_aHeroines in literature _vJuvenile literature. |
|
| 655 | 7 |
_aLiterature. _2lcgft _0https://id.loc.gov/authorities/genreForms/gf2014026415 |
|
| 800 | 1 |
_aHamilton, John, _d1959- _tFantasy and folklore. |
|
| 999 |
_c1804 _d1804 |
||